Les 10 villes les plus peuplées de France (2022) - Statistiques

Statistiques générales
  • Ce quiz a été pris 211 fois
  • Le résultat moyen est 9 sur 10
Statistiques - réponses
Hint Réponse % Correct
3 Lyon
99%
2 Marseille
99%
1 Paris
99%
10 Lille
98%
9 Bordeaux
95%
4 Toulouse
94%
8 Strasbourg
91%
5 Nice
89%
6 Nantes
87%
7 Montpellier
75%
Aucun quiz correspondant
Distribution des résultats
% des personnes avec chaque résultat
Percentile par nombre de réponses
Votre historique - résultats
Vous n’avez pas pris ce quiz